[Event "Malmo op"]
[Site "Malmo"]
[Date "2016.12.16"]
[Round "1"]
[White "Nilsson, Oliver"]
[Black "Batra, Sagar"]
[Result "0-1"]
[WhiteElo "1276"]
[BlackElo "1588"]
[PlyCount "56"]
[EventDate "2016.12.16"]
[EventType "swiss"]
[EventRounds "7"]
[EventCountry "SWE"]
[SourceTitle "CBM 176 Extra"]
[Source "ChessBase"]
[SourceDate "2017.03.02"]
[SourceVersion "1"]
[SourceVersionDate "2017.03.02"]
[SourceQuality "1"]

1. e4 c5 2. Nc3 d6 3. f4 e6 4. Nf3 Nc6 5. Bb5 a6 6. Bxc6+ bxc6 7. 0-0 g6 8. d3 Bg7 9. Qe1 Ne7 10. Qh4 0-0 11. f5 exf5 12. Bh6 f6 13. Bxg7 Kxg7 14. Rae1 Rb8 15. b3 Rb7 16. Nd2 Be6 17. exf5 Bxf5 18. g4 Qa5 19. Nde4 Bxe4 20. Nxe4 Qd8 21. Nxf6 h6 22. Re6 Ng8 23. g5 Rbf7 24. Nh5+ gxh5 25. Rxf7+ Kxf7 26. Re1 Qxg5+ 27. Qxg5 hxg5 28. Rf1+ Nf6 0-1